[Event "Olympiad Women 2024"]
[Site "Budapest HUN"]
[Date "2024.09.22"]
[Round "11.54"]
[Board "4"]
[White "James, Shemilah"]
[Black "Darweeche, Roaa"]
[Result "1-0"]
[WhiteElo "1774"]
[BlackElo "1557"]
[PlyCount "97"]
[EventDate "2024.09.11"]
[WhiteTeam "Trinidad & Tobago"]
[BlackTeam "Lebanon"]
[BlackTeamCountry "LBN"]

1. e4 e6 2. d4 d5 3. exd5 exd5 4. Bd3 c6 5. Nf3 Bd6 6. O-O Ne7 7. Re1 Bg4 ({RR} 7... O-O 8. b3 Bf5 9. c4 Bxd3 10. Qxd3 Na6 11. Nc3 Nb4 12. Qb1 Ng6 13. a3 Na6 14. cxd5 cxd5 15. Qf5 Nc7 16. Bg5 Qc8 17. Qd3 f6 18. Bd2 Qd7 19. a4 a6 20. h4 Rfe8 21. h5 Nf4 22. Bxf4 {1-0 Xiong,J (2651)-Lenderman,A (2630) PRO League All Stars St1 blitz 2018 (5)}) 8. Nbd2 Qc7 ({RR} 8... Nd7 9. Nf1 Qc7 10. Ng3 O-O-O 11. h3 Be6 12. Nf1 h6 13. b3 g5 14. Ne3 f5 15. c4 Nf6 16. Nxd5 Bxd5 17. cxd5 Nfxd5 18. Ne5 Bxe5 19. Rxe5 Kb8 20. Ba3 Ng6 21. Rxf5 Ndf4 22. Bf1 Rhe8 23. Rc1 {0-1 Thavandiran,S (2387)-Gorodetzky,D (2494) Titled Tue 2nd Jul Late 2024 (3)}) 9. Nf1 O-O $146 ({RR} 9... Nd7 10. Ng3 O-O-O 11. h3 Bxf3 12. Qxf3 Rde8 13. Bd2 g6 14. c4 dxc4 15. Bxc4 f5 16. Rac1 Nb6 17. Ba5 h5 18. d5 Bxg3 19. fxg3 Qd6 20. Bxb6 axb6 21. Kh1 Nxd5 22. Rxe8+ Rxe8 23. Bxd5 Kb8 24. Bb3 {0-1 Page,M (2047)-Robinson,S (1753) Oban op 2015 (2)}) 10. Bxh7+ Kh8 11. Bd3 Nd7 12. Ng3 f6 13. c3 Kg8 14. Bb1 Kf7 15. Ng5+ fxg5 16. Qxg4 Nf6 17. Qe6+ Ke8 18. Bxg5 Kd8 19. Bd3 Qd7 20. Nf5 Nxf5 21. Bxf5 Qxe6 22. Rxe6 Kc7 23. Bxf6 Rxf6 24. Rxf6 gxf6 25. Re1 Rh8 26. g3 Rh5 27. Bd3 f5 28. Be2 Rg5 29. h4 Rg7 30. Bf3 Kd7 31. Kg2 Be7 32. h5 Bf6 33. Kh3 Rh7 34. Bd1 Rg7 35. f3 Rg8 36. g4 f4 37. Bc2 Bg5 38. Bf5+ Kd8 39. Re6 Rh8 40. Rg6 Be7 41. h6 Ke8 42. g5 Kf7 43. Rg7+ Ke8 44. Kg4 c5 45. dxc5 Bxc5 46. h7 Kf8 47. Rxb7 Be7 48. g6 Bf6 49. Rf7+ 1-0

[Event "Olympiad Women 2024"]
[Site "Budapest HUN"]
[Date "2024.09.22"]
[Round "11.55"]
[Board "1"]
[White "Viana, Valeria"]
[Black "Shipindo, Rauha"]
[Result "1-0"]
[WhiteElo "1882"]
[BlackElo "1677"]
[PlyCount "53"]
[EventDate "2024.09.11"]
[WhiteTeam "Honduras"]
[BlackTeam "Namibia"]
[WhiteTeamCountry "HON"]
[BlackTeamCountry "NAM"]

1. e4 e5 2. Nf3 Nf6 3. Nxe5 d6 4. Nf3 Nxe4 5. Nc3 d5 6. d3 Nxc3 7. bxc3 Bd6 8. Be2 O-O 9. O-O Be6 $146 ({RR} 9... b6 10. Re1 Nd7 11. d4 Re8 12. Be3 Nf6 13. Nd2 Bf5 14. Bd3 Ne4 15. Nxe4 dxe4 16. Bc4 Qd7 17. Qd2 Rad8 18. Bf4 Qc6 19. Bb3 Bxf4 20. Qxf4 Bg6 21. Re3 Rd6 22. g4 Rf6 23. Qg3 Rf3 24. Rxf3 {0-1 Mandetta,J-Rossi,P (2127) Paulista-ch final 2008 (6)}) ({RR} 9... c6 10. d4 Nd7 11. c4 Nf6 12. Bg5 h6 13. Bh4 Bf5 14. c5 Bf4 15. Bd3 Be4 16. Ne5 Re8 17. Re1 Re6 18. f3 Bxd3 19. Qxd3 Qa5 20. Bg3 Bxg3 21. hxg3 b6 22. cxb6 axb6 23. Re2 Qa6 24. Rae1 {0-1 Stebunov,A (1960)-Makarov,A (2254) Dubna op 2007 (8)}) 10. Rb1 b6 11. Bg5 Qc8 12. d4 Nd7 13. c4 c6 14. cxd5 cxd5 15. Bd3 h6 16. Bh4 Bg4 17. h3 Bh5 18. Rb5 Qc6 19. c4 g5 20. Rxd5 Nf6 21. Rf5 gxh4 22. d5 Qc7 23. Rxf6 Kg7 24. Qa1 Be5 25. Nxe5 Kxf6 26. Nc6+ Kg5 27. f4+ 1-0

[Event "Olympiad Women 2024"]
[Site "Budapest HUN"]
[Date "2024.09.22"]
[Round "11.55"]
[Board "2"]
[White "Beukes Jamie-Nicole"]
[Black "Torres Hernandez, Leslie Carolin"]
[Result "1-0"]
[WhiteElo "1735"]
[BlackElo "1891"]
[PlyCount "65"]
[EventDate "2024.09.11"]
[WhiteTeam "Namibia"]
[BlackTeam "Honduras"]
[WhiteTeamCountry "NAM"]
[BlackTeamCountry "HON"]

1. e4 d6 2. d4 Nf6 3. Bd3 e5 4. c3 Be7 5. h3 c6 6. Nf3 Nbd7 7. O-O O-O 8. Re1 Re8 ({RR} 8... b6 9. b3 Bb7 10. Bb2 Qc7 11. c4 c5 12. dxe5 dxe5 13. Nc3 a6 14. Qe2 Rfe8 15. Rad1 g6 16. Bb1 Rad8 17. Nh2 Qb8 18. Nd5 Nxd5 19. cxd5 Bd6 20. Ng4 h5 21. Ne3 Rc8 22. g4 Nf6 23. Kg2 {1-0 Osztruzslik,M (1991)-Filo,D (1766) LJ Slovakia Open 2024 (3.28)}) 9. Nbd2 Qc7 10. Nc4 $146 ({RR} 10. Nf1 Bf8 11. Ng3 g6 12. Be3 Bg7 13. Qd2 exd4 14. cxd4 b6 15. Bf4 Bb7 16. Rac1 Rac8 17. Bb1 Nf8 18. e5 dxe5 19. Bxe5 Qd8 20. Rcd1 N8d7 21. Bf4 Rxe1+ 22. Rxe1 Qf8 23. a3 Re8 24. Ba2 Rxe1+ {½-½ Cebelli,O (2131)-Zor,A (1817) Bursa op 07 2011 (7)}) ({RR} 10. Nf1 Bf8 11. Ng3 g6 12. Bg5 h6 13. Bd2 Bg7 14. Qc2 a5 15. Rad1 b5 16. c4 b4 17. b3 exd4 18. Nxd4 Nc5 19. Bf1 h5 20. Nf3 Nfd7 21. Be3 Ne5 22. Be2 Nxf3+ 23. Bxf3 a4 24. Rb1 axb3 {0-1 Brodsky,M (2555)-Prokopchuk,E (2365) RUS-chT 03rd 1995 (2)}) ({RR} 10. a4 a5 11. Qb3 Nf8 12. Nc4 N6d7 13. Bg5 h6 14. Bxe7 Rxe7 15. Qa3 c5 16. Ne3 Nf6 17. dxe5 dxe5 18. Bc4 Be6 19. Rad1 b6 20. Bxe6 Rxe6 21. Nd5 Qb8 22. Qb3 Ra7 23. Qb5 N6d7 24. Rd3 Qc8 {1-0 Rabiega,R (2455)-Bartosik,P (2230) Berliner Sommer 11th 1993}) ({RR} 10. Qb3 Nf8 11. a4 Ne6 12. Bf1 b6 13. dxe5 dxe5 14. Qc2 Bb7 15. Nc4 Nd7 16. Ne3 Bf8 17. Bc4 h6 18. Nf5 a6 19. Bf1 c5 20. Ne3 Nf6 21. Nc4 Nd7 22. Qb3 Bc6 23. Qc2 b5 24. axb5 axb5 {½-½ Kovacs,G-Horvath,J (2270) HUN-chT 9596 1995 (8)}) 10... b5 11. Ne3 Nf8 12. Nf1 Ng6 13. Qc2 Nh5 14. Ne3 Ngf4 15. Bf1 Be6 16. Bd2 a5 17. a4 Reb8 18. Rec1 bxa4 19. Nc4 Ng6 20. Rxa4 f6 21. Rca1 d5 22. Nxa5 dxe4 23. Qxe4 Bd5 24. Qf5 Nhf4 25. dxe5 fxe5 26. Bxf4 Bxf3 27. Qe6+ Kh8 28. gxf3 exf4 29. Nxc6 Rxa4 30. Rxa4 Rc8 31. Nxe7 Nxe7 32. Qf7 Qc6 33. Rc4 1-0

[Event "Olympiad Women 2024"]
[Site "Budapest HUN"]
[Date "2024.09.22"]
[Round "11.55"]
[Board "3"]
[White "Cruz, Bitia"]
[Black "Nepando, Jolly"]
[Result "1-0"]
[WhiteElo "1736"]
[BlackElo "1642"]
[PlyCount "77"]
[EventDate "2024.09.11"]
[WhiteTeam "Honduras"]
[BlackTeam "Namibia"]
[WhiteTeamCountry "HON"]
[BlackTeamCountry "NAM"]

1. e4 e5 2. Nf3 Nc6 3. Bc4 Bc5 4. c3 Nf6 5. d3 d6 6. Bb3 O-O 7. h3 Be6 ({RR} 7... Ne7 8. O-O Ng6 9. Re1 Bb6 10. Nbd2 h6 11. d4 Re8 12. Bc2 c6 13. Nf1 Bd7 14. Ng3 Qc7 15. Be3 Rad8 16. Qc1 Kh7 17. a4 a5 18. b3 Qc8 19. Qa3 Bc7 20. Rad1 Kg8 21. Qc1 Bxh3 22. gxh3 {1-0 Karjakin,S (2763)-Wang,Y (2697) Beijing Sportaccord blitz 2011 (10)}) 8. Bc2 ({RR} 8. Nbd2 a5 9. Nf1 Qb8 10. Ng3 a4 11. Bc2 Qa7 12. Qe2 b5 13. a3 Na5 14. Bg5 Nd7 15. O-O f6 16. Be3 Bb3 17. Bxb3+ Nxb3 18. Rad1 Bxe3 19. fxe3 c5 20. Nf5 Qb6 21. N3h4 c4 22. Qg4 g5 {1-0 Drozdowski,K (2450)-Gryshko,V (2316) Titled Tue 13th Aug Late 2024 (2)}) 8... Re8 9. Nbd2 $146 ({RR} 9. Qe2 d5 10. Nbd2 a6 11. Nf1 Qd7 12. Ng3 dxe4 13. dxe4 Rad8 14. Nh4 b5 15. Bg5 Bc4 16. Qf3 Re6 17. Rd1 Rd6 18. Rxd6 Qxd6 19. Nhf5 Qe6 20. b3 b4 21. bxc4 bxc3 22. O-O Qxc4 23. Bxf6 Rd2 {1-0 Garcia Ruido,R (2051)-Ojosnegros Martin,A (1512) Tres Cantos op 5th 2013 (1)}) ({RR} 9. O-O Qe7 10. d4 Bc4 11. dxc5 Bxf1 12. cxd6 cxd6 13. Qxf1 Rad8 14. Be3 a6 15. Nbd2 d5 16. exd5 Nxd5 17. Qe2 Qd7 18. Rd1 f5 19. Nc4 Qc7 20. Bxf5 b5 21. Bg5 bxc4 22. Bxd8 Rxd8 23. Be6+ Kh8 {1-0 Suaza Sanabria,L (1410)-Centenaro Erazo,N (1668) COL-ch U1700 2019 (9)}) 9... a6 10. Nf1 Ne7 11. Nh4 c6 12. Qe2 Qc7 13. g4 d5 14. Ng3 dxe4 15. Nxe4 Nxe4 16. dxe4 Rad8 17. O-O b5 18. b3 f6 19. Kg2 Qc8 20. Bd2 Kf7 21. Rae1 Rh8 22. Rh1 g6 23. Ref1 Rdg8 24. g5 fxg5 25. Bxg5 h6 26. Bc1 Qf8 27. f4 Ke8 28. Bd3 Qg7 29. c4 exf4 30. cxb5 g5 31. Nf5 Nxf5 32. exf5 Qb7 33. Qxe6+ Be7 34. bxc6 Qc7 35. f6 Rf8 36. Bg6+ Kd8 37. Rd1+ Bd6 38. Rxd6+ Qxd6 39. Qxd6+ 1-0

[Event "Olympiad Women 2024"]
[Site "Budapest HUN"]
[Date "2024.09.22"]
[Round "11.55"]
[Board "4"]
[White "Van Wyk, Keisha C"]
[Black "Oseguera, Suhey"]
[Result "0-1"]
[WhiteElo "1599"]
[BlackElo "1590"]
[PlyCount "50"]
[EventDate "2024.09.11"]
[WhiteTeam "Namibia"]
[BlackTeam "Honduras"]
[WhiteTeamCountry "NAM"]
[BlackTeamCountry "HON"]

1. e4 c5 2. Nf3 d6 3. d4 cxd4 4. Nxd4 Nf6 5. Nc3 Nc6 6. Bb5 Bd7 7. Be3 a6 8. Bd3 ({RR} 8. Be2 Nxd4 9. Qxd4 e5 10. Qd2 h6 11. O-O-O Rc8 12. f3 Qa5 13. Kb1 Be7 14. g4 Be6 15. a3 Rxc3 16. Qxc3 Qxc3 17. bxc3 d5 18. exd5 Nxd5 19. Rd3 Bg5 20. Bxg5 hxg5 21. Bf1 b5 22. h3 Ke7 {½-½ Lupulescu,C (2592)-Gormally,D (2448) 4NCL 2022-23 (6.2)}) ({RR} 8. Be2 e5 9. Nb3 Be6 10. Nd5 Bxd5 11. exd5 Nb4 12. c4 a5 13. a3 Na6 14. Nd2 Nd7 15. O-O Be7 16. f4 O-O 17. Kh1 f5 18. Nf3 e4 19. Nd4 Ndc5 20. Rb1 a4 21. b4 axb3 22. Nxb3 Qc7 {0-1 Sandoval,J (1873)-Campo Jimenez,D (1688) 17th American Continental 2024 (2.126)}) 8... Ng4 9. Nf5 $146 ({RR} 9. Nxc6 bxc6 10. Qd2 Nxe3 11. Qxe3 g6 12. e5 d5 13. O-O Qa5 14. a3 Bg7 15. f4 e6 16. b4 Qc7 17. Na4 O-O 18. Nc5 a5 19. Kh1 Rfd8 20. c4 Be8 21. cxd5 cxd5 22. Rfc1 Qa7 23. Qe1 Bf8 {½-½ Mester,R (2009)-Godar,Z Bajmok-ch op 8th 2005 (6)}) ({RR} 9. Nxc6 bxc6 10. Qd2 Nxe3 11. Qxe3 g6 12. O-O Bg7 13. Rab1 O-O 14. Ne2 e6 15. Qg3 d5 16. e5 f6 17. f4 fxe5 18. fxe5 Qc7 19. Rxf8+ Rxf8 20. Rf1 Qb6+ 21. Rf2 Bxe5 22. Qh4 Bxh2+ 23. Kxh2 Qxf2 {0-1 Biniak,Z (1048)-Kaluzny,J (1375) Poznan op 26th 2018 (5)}) ({RR} 9. O-O Nxe3 10. fxe3 g6 11. Bc4 Ne5 12. Bb3 Bg7 13. Qd2 O-O 14. Nf3 Bc6 15. Nxe5 Bxe5 16. Bd5 e6 17. Bxc6 bxc6 18. Qd3 Qa5 19. Qc4 Bxc3 20. Qxc3 Qxc3 21. bxc3 Rab8 22. Rab1 Rb5 23. Rb3 Rfb8 {0-1 Kura,F-Chmelik,B (1475) Klatovy op-B 24th 2018 (8)}) 9... Nxe3 10. Nxe3 e6 11. Qd2 Be7 12. g3 O-O 13. h4 Nd4 14. O-O-O b5 15. f4 Qa5 16. Kb1 b4 17. Ne2 Nb5 18. Nc4 Qc7 19. Qxb4 Rab8 20. Qd2 Qb7 21. Kc1 Na3 22. Qc3 Nxc4 23. Bxc4 Rfc8 24. Bxa6 Qxa6 25. Qf3 Qxa2 0-1

[Event "Olympiad Women 2024"]
[Site "Budapest HUN"]
[Date "2024.09.22"]
[Round "11.56"]
[Board "1"]
[White "De la Riva Real, Ariadna"]
[Black "Alazmi, Amani"]
[Result "1-0"]
[WhiteElo "1823"]
[BlackElo "1673"]
[PlyCount "83"]
[EventDate "2024.09.11"]
[WhiteTeam "Andorra"]
[BlackTeam "Kuwait"]
[WhiteTeamCountry "AND"]
[BlackTeamCountry "KUW"]

1. e4 c5 2. Nf3 g6 3. d4 cxd4 4. Nxd4 Bg7 5. c4 Nc6 6. Be3 Nf6 7. Nc3 d6 8. Be2 O-O 9. O-O Bd7 10. Qc2 Nxd4 11. Bxd4 Bc6 12. Rad1 Nd7 ({RR} 12... Qc7 13. Nd5 Bxd5 14. exd5 Rac8 15. Qb3 b6 16. Qh3 Rfd8 17. Rfe1 Ne4 18. Bxg7 Kxg7 19. Qe3 Nf6 20. Bf1 Re8 21. Rd4 e6 22. dxe6 Rxe6 23. Qd2 Rce8 24. Rd1 Ne4 25. Qd3 Nc5 26. Qh3 Ne4 27. b3 {0-1 Rashed,L (1588)-Ahmed,S (1344) EGY-ch (Women) 2022 (4)}) 13. Bxg7 Kxg7 14. b4 $146 ({RR} 14. f4 Rc8 15. Kh1 a6 16. b3 Kg8 17. Qd2 Re8 18. Bg4 Qa5 19. e5 dxe5 20. fxe5 Qxe5 21. Bxd7 Bxd7 22. Rfe1 {½-½ Valdes Escobar,A (2355)-Maly,A (2371) Titled Tuesday intern op 14th July blitz 2020 (4)}) 14... b6 15. Qb2 Kg8 16. f4 f5 17. exf5 Rxf5 18. Bg4 Rf6 19. Nd5 Bxd5 20. cxd5 b5 21. Be6+ Kg7 22. g4 Nb6 23. g5 Nc4 24. gxf6+ exf6 25. Qd4 a5 26. a4 axb4 27. axb5 Na3 28. Qxb4 Nc2 29. Qd2 Qb6+ 30. Qf2 Ne3 31. Rfe1 Ra3 32. Ra1 Rd3 33. Re2 g5 34. fxg5 fxg5 35. Rae1 Nxd5 36. Bxd5 Qxf2+ 37. Rxf2 Rxd5 38. Rb1 Rc5 39. b6 Rc8 40. b7 Rb8 41. Rc2 Kh6 42. Rc8 1-0

[Event "Olympiad Women 2024"]
[Site "Budapest HUN"]
[Date "2024.09.22"]
[Round "11.56"]
[Board "2"]
[White "Alazemi, Aisha"]
[Black "Muratet Carmona, Julia"]
[Result "0-1"]
[WhiteElo "1539"]
[BlackElo "1816"]
[PlyCount "130"]
[EventDate "2024.09.11"]
[WhiteTeam "Kuwait"]
[BlackTeam "Andorra"]
[WhiteTeamCountry "KUW"]
[BlackTeamCountry "AND"]

1. e4 e5 2. Nc3 Nc6 3. Nf3 Nf6 4. Bc4 Bc5 5. O-O O-O 6. d3 h6 7. Ne2 d6 ({RR} 7... d5 8. exd5 Nxd5 9. h3 Nb6 10. Bb3 Kh8 11. Ng3 f5 12. Re1 Qd6 13. Nh4 g5 14. Qh5 Kg7 15. Bxg5 hxg5 16. Qxg5+ Kh7 17. Ngxf5 Bxf5 18. Nxf5 Rxf5 19. Qxf5+ Qg6 20. Qxg6+ Kxg6 21. Re4 Rf8 22. Rf1 {1-0 Guerra Tulcan,L (2310)-Kochiev,I (2053) Titled Tue 2nd May Late 2023 (10)}) 8. Be3 $146 ({RR} 8. Ng3 Na5 9. Bb3 Nxb3 10. axb3 Nh7 11. c3 f5 12. Be3 f4 13. Bxc5 fxg3 14. Be3 gxh2+ 15. Nxh2 Qh4 16. Qe1 Qh5 17. f3 Rf6 18. Bxa7 b6 19. b4 Qg6 20. c4 Ng5 21. c5 dxc5 22. bxc5 Nh3+ {1-0 Daniels,H-Babbitt,G Match/City Boston-New England 1905}) ({RR} 8. Ng3 Na5 9. Bb5 c6 10. Ba4 b5 11. Bb3 Nxb3 12. axb3 Re8 13. Re1 d5 14. exd5 cxd5 15. Nxe5 Bxf2+ 16. Kxf2 Rxe5 17. Rxe5 Ng4+ 18. Kg1 Nxe5 19. Qe1 Ng4 20. h3 Qb6+ 21. Kh1 Nf6 22. Bf4 Bd7 {½-½ Aronian,L (2765)-Ganguly,S (2615) Tata Steel India blitz 2018 (5)}) ({RR} 8. Ng3 Na5 9. Bb3 Nxb3 10. axb3 Bg4 11. h3 Be6 12. Re1 Kh7 13. Be3 Bxe3 14. Rxe3 c5 15. Nh2 Ng8 16. Qd2 g6 17. b4 f5 18. exf5 gxf5 19. Ree1 Qc7 20. bxc5 f4 21. cxd6 Qg7 22. Ne4 Bxh3 {1-0 Giam,C-Saliba,M Olympiad-19 Preliminaries E 1970 (5)}) ({RR} 8. c3 Bg4 9. Ng3 d5 10. exd5 Nxd5 11. d4 exd4 12. Qc2 Nf6 13. Bf4 Bd6 14. Bxh6 Ne7 15. Rfe1 d3 16. Qxd3 Bxg3 17. Qe3 Bd6 18. Qg5 Nf5 19. Nd4 Nxh6 20. Re4 Nxe4 {0-1 Hernandez Lopez,J (1171)-Jimenez Mahillo,D (1333) Benidorm Ciegos-ch 15th 2015 (5)}) 8... Bb6 9. Ng3 Be6 10. Qd2 Bxe3 11. fxe3 Bxc4 12. dxc4 Qd7 13. h3 Qe6 14. b3 a5 15. c3 a4 16. Rfd1 Nd7 17. Qe2 Qg6 18. Nf5 axb3 19. axb3 Nc5 20. Qc2 Ne6 21. Kh2 Qf6 22. b4 Kh7 23. Ra2 Ng5 24. N3h4 Rxa2 25. Qxa2 Nxe4 26. Qc2 g6 27. Qxe4 gxf5 28. Nxf5 Qg6 29. g4 Kh8 30. h4 Ne7 31. Rg1 Rg8 32. Rg2 Nxf5 33. gxf5 Qh5 34. Kh3 Rxg2 35. Kxg2 Qe2+ 36. Kh3 Qf1+ 37. Kh2 Qf2+ 38. Kh3 b6 39. Qa8+ Kh7 40. Qe4 f6 41. Qg4 Qxe3+ 42. Kg2 Qd2+ 43. Kf1 Kh8 44. Qh5 Qf4+ 45. Kg2 Qe4+ 46. Kf2 Qf4+ 47. Kg2 Qe4+ 48. Kg1 Qe3+ 49. Kg2 Qe4+ 50. Kf2 Qf4+ 51. Ke1 Qg3+ 52. Ke2 Kh7 53. c5 bxc5 54. bxc5 d5 55. Qf7+ Qg7 56. Qxd5 Qg4+ 57. Kd3 Qxf5+ 58. Kc4 Qg6 59. Qd7+ Qg7 60. Qxg7+ Kxg7 61. Kd5 Kf7 62. h5 Ke7 63. Kc6 e4 64. Kxc7 e3 65. c6 e2 0-1

[Event "Olympiad Women 2024"]
[Site "Budapest HUN"]
[Date "2024.09.22"]
[Round "11.56"]
[Board "3"]
[White "Muratet Carmona, Alexandra"]
[Black "Nema, Rabab"]
[Result "1/2-1/2"]
[WhiteElo "1796"]
[BlackElo "1601"]
[PlyCount "69"]
[EventDate "2024.09.11"]
[WhiteTeam "Andorra"]
[BlackTeam "Kuwait"]
[WhiteTeamCountry "AND"]
[BlackTeamCountry "KUW"]

1. e4 e6 2. d4 d5 3. exd5 exd5 4. c4 Bb4+ 5. Nc3 Be6 6. Nf3 ({RR} 6. Nge2 Qe7 7. g3 Nf6 8. Bg2 c6 9. O-O O-O 10. cxd5 Nxd5 11. Nxd5 Bxd5 12. Bxd5 cxd5 13. Nf4 Nc6 14. Nxd5 {½-½ Kapnisis,S (2405)-Nikolaidis,I (2508) Piraeus GM Apr 2024 (6.2)}) 6... dxc4 7. Ng5 $146 ({RR} 7. Be2 Nf6 8. Bg5 O-O 9. O-O Bxc3 10. bxc3 Bd5 11. Ne5 b5 12. Rb1 a6 13. Ng4 Nbd7 14. Bf3 Bxf3 15. Qxf3 h6 16. Nxh6+ gxh6 17. Bxh6 Ne8 18. Qg4+ Kh8 19. Bxf8 Nxf8 20. Rfe1 Qf6 21. Qe4 Rd8 {½-½ Popova,D (1505)-Sagaipova,Z Saratov Shestoperov Memorial U13 Girls 2014 (8)}) 7... Bd5 8. a3 Bxc3+ 9. bxc3 Qe7+ 10. Be3 Nf6 11. Qa4+ Qd7 12. Qxd7+ Nbxd7 13. f3 a6 14. a4 h6 15. Nh3 g5 16. Be2 O-O 17. Nf2 b5 18. h4 Nh7 19. hxg5 hxg5 20. Ne4 f6 21. Rh5 Bf7 22. Rh2 Bg6 23. Kd2 Nb6 24. a5 Nd5 25. Rah1 Nxe3 26. Kxe3 Rfe8 27. Kd2 Kg7 28. g4 Nf8 29. Nc5 Ne6 30. Nxe6+ Rxe6 31. Re1 Rae8 32. Rhh1 c6 33. Bd1 Rxe1 34. Rxe1 Rxe1 35. Kxe1 1/2-1/2

[Event "Olympiad Women 2024"]
[Site "Budapest HUN"]
[Date "2024.09.22"]
[Round "11.56"]
[Board "4"]
[White "Ajbali, Ghaleyah"]
[Black "Real Puigdollers, Silvia"]
[Result "0-1"]
[WhiteElo "1513"]
[BlackElo "1781"]
[PlyCount "62"]
[EventDate "2024.09.11"]
[WhiteTeam "Kuwait"]
[BlackTeam "Andorra"]
[WhiteTeamCountry "KUW"]
[BlackTeamCountry "AND"]

1. e4 d5 2. exd5 Qxd5 3. Nc3 Qa5 4. d4 Nf6 5. Bd3 c6 6. Nge2 g6 ({RR} 6... Bf5 7. b4 {1-0 Alexikov,A (2209)-Beulen,M (2359) Titled Tue 15th Aug Late 2023 (8)}) 7. f3 $146 ({RR} 7. O-O Bg7 8. a3 Nbd7 9. Re1 O-O 10. Ng3 e5 11. Nce2 exd4 12. Nxd4 Nd5 13. Nb3 Qc7 14. Bc4 N7b6 15. Bxd5 {½-½ Percze,G (2138)-Prantner,J (2127) HUN-chT2 Asztalos 0203 2002 (9)}) ({RR} 7. O-O Bg7 8. Bd2 Qd8 9. Qc1 O-O 10. Bh6 Nbd7 11. Ng3 b6 12. Re1 Bb7 13. Nce2 c5 14. Bxg7 Kxg7 15. Qg5 Kh8 16. Rad1 Qc7 17. Nf4 Rae8 18. Bb5 cxd4 19. Rxd4 Bc6 20. Rc4 Nc5 21. Bxc6 Qxc6 {½-½ Kreiman,B (2400)-Bonin,J (2380) Nassau CC-ch 1995}) ({RR} 7. O-O Bg7 8. Bd2 Qd8 9. Qc1 O-O 10. Nd1 Re8 11. f4 Nbd7 12. c3 c5 13. f5 cxd4 14. Nxd4 Nc5 15. Bc4 Nce4 16. Bh6 Bh8 17. Qf4 Qd6 18. Nb5 Qc5+ 19. Ne3 Bxf5 20. b4 Qc6 21. g4 e5 {1-0 De Silva,T-Foudzi,J (2033) Asia-ch U20 26th 2003 (8)}) ({RR} 7. O-O Bg7 8. Bd2 O-O 9. Qc1 Qb6 10. Na4 Qd8 11. Bh6 b6 12. Bxg7 Kxg7 13. Nac3 Ba6 14. Qd2 Bxd3 15. Qxd3 Qd6 16. Ne4 Nxe4 17. Qxe4 Nd7 18. c3 e6 19. Rad1 Rfd8 20. Ng3 Nf6 21. Qf3 Qd5 {0-1 Kwech,A-Schueller,E (2240) AUT-chT2O 9495 1994}) 7... Bg7 8. Bd2 Nbd7 9. g4 Qc7 10. Bf4 e5 11. Bg3 Qa5 12. Qd2 O-O 13. O-O-O Re8 14. Bf2 b5 15. Be3 Rb8 16. a3 b4 17. Nb1 Nd5 18. Bf2 Ba6 19. Bxa6 Qxa6 20. Qd3 Qb7 21. b3 a5 22. a4 N7b6 23. h4 Rbd8 24. h5 Qe7 25. hxg6 fxg6 26. Qe4 Nc3 27. Nexc3 bxc3 28. dxe5 Rxd1+ 29. Rxd1 Nd5 30. Qc4 Bh6+ 31. Nd2 Qa3+ 0-1

[Event "Olympiad Women 2024"]
[Site "Budapest HUN"]
[Date "2024.09.22"]
[Round "11.57"]
[Board "1"]
[White "Makwena, Christine"]
[Black "Georgina Sackie"]
[Result "1/2-1/2"]
[WhiteElo "1860"]
[BlackElo "1688"]
[PlyCount "151"]
[EventDate "2024.09.11"]
[WhiteTeam "Zimbabwe"]
[BlackTeam "Liberia"]
[WhiteTeamCountry "ZIM"]
[BlackTeamCountry "LBR"]

1. e4 c6 2. d4 d5 3. exd5 cxd5 4. Bd3 Nc6 5. c3 Nf6 6. Bf4 Bg4 7. Qb3 Qd7 8. Nd2 e6 9. Ngf3 Bd6 10. Bxd6 Qxd6 11. O-O O-O 12. Rae1 Ne7 13. Ne5 Bf5 14. Qc2 b5 15. Bxf5 Nxf5 16. a3 a5 17. Qd3 $146 ({RR} 17. g4 Nh4 18. Qd3 b4 19. axb4 axb4 20. f4 bxc3 21. bxc3 Ra3 22. f5 Qc7 23. Rc1 Rc8 24. Nb1 Ra2 25. Nd2 Ne4 26. Nxe4 dxe4 27. Qxe4 f6 28. fxe6 fxe5 29. d5 Ng6 30. c4 Qb6+ 31. Kh1 Qb2 {0-1 Martinez Pla,X (2261)-Krzesaj,R (2391) Titled Tue 20th Aug Early 2024 (9)}) 17... b4 18. axb4 axb4 19. Ra1 bxc3 20. bxc3 Ra3 21. Rxa3 Qxa3 22. Rb1 g6 23. g4 Nd6 24. Rb3 Qc1+ 25. Kg2 Rc8 26. f3 Ra8 27. Rb1 Qa3 28. Qc2 Qa6 29. Nb3 Nc4 30. Nxc4 Qxc4 31. Nc1 Rc8 32. Ne2 Ne8 33. Qd2 Nd6 34. Rb4 Qc6 35. Qd3 Nc4 36. Qb1 Kg7 37. h4 Ra8 38. Rb8 Rxb8 39. Qxb8 Qa4 40. Qb1 Nd2 41. Qc1 Qa2 42. Kf2 Nc4 43. h5 Qd2 44. Qxd2 Nxd2 45. hxg6 fxg6 46. g5 Kf7 47. Nf4 Nb1 48. Ne2 Ke7 49. Ke3 Kd6 50. f4 Kc6 51. Kd3 Na3 52. Nc1 Nc4 53. Nb3 Nb2+ 54. Kc2 Na4 55. Nc1 Nb6 56. Kd3 Nc4 57. Nb3 Kd6 58. Nc5 Ke7 59. Ke2 Nd6 60. Kf3 Nb5 61. Na4 Kd6 62. Ke3 Ke7 63. Kd3 Nd6 64. Nc5 Nf5 65. Ke2 h6 66. gxh6 Nxh6 67. Nd3 Kf6 68. Ne5 Kf5 69. Kf3 Ng8 70. c4 dxc4 71. Nxc4 Ne7 72. Ne3+ Kf6 73. Ke4 Nf5 74. Ng4+ Ke7 75. Ke5 Nh4 76. Ke4 1/2-1/2

[Event "Olympiad Women 2024"]
[Site "Budapest HUN"]
[Date "2024.09.22"]
[Round "11.57"]
[Board "2"]
[White "Meleh M. Davis"]
[Black "Shaba, Linda Dalitso"]
[Result "0-1"]
[WhiteElo "1602"]
[BlackElo "1831"]
[PlyCount "66"]
[EventDate "2024.09.11"]
[WhiteTeam "Liberia"]
[BlackTeam "Zimbabwe"]
[WhiteTeamCountry "LBR"]
[BlackTeamCountry "ZIM"]

1. d4 d5 2. c4 e6 3. Nc3 Nf6 4. cxd5 exd5 5. Bg5 Be7 6. e3 O-O 7. Bd3 c6 8. Qc2 h6 9. Bh4 a5 10. a4 ({RR} 10. Nge2 Na6 11. a3 Re8 12. O-O Nc7 13. Na4 Ne6 14. Bxf6 Bxf6 15. b4 b5 16. Nc5 Nxc5 17. Qxc5 Bd7 18. Qc3 Ra7 19. Rfb1 Be7 20. Nc1 Bd6 21. Nb3 a4 22. Nc5 Bc8 23. e4 dxe4 24. Bxe4 Qc7 {½-½ Kollars,D (2627)-Kryvoruchko,Y (2669) POL-chT Ekstraliga 2022 (2.1)}) ({RR} 10. Nge2 b5 11. O-O Nbd7 12. a4 b4 13. Nb1 c5 14. dxc5 Bxc5 15. Nd2 Ba6 16. Nb3 Bd6 17. Bxa6 Rxa6 18. Qf5 g6 19. Qf3 Bb8 20. Ned4 Ne5 21. Qe2 Nc4 22. Bg3 Bxg3 23. hxg3 Ne4 24. Rac1 Qe8 {0-1 Karttunen,M (2495)-Fiedorek,M (2289) Titled Tue 28th Feb Early 2023 (8)}) 10... Na6 11. Bxa6 Rxa6 12. Nf3 $146 ({RR} 12. Nge2 Nh5 13. Bxe7 Qxe7 14. O-O f5 15. Rae1 Qg5 16. Ng3 Nf6 17. Nce2 Ne4 18. Nf4 Qf6 19. Qe2 g6 20. Nd3 Qd6 21. Ne5 c5 22. Nxe4 fxe4 23. f3 cxd4 24. exd4 Qb4 25. Qe3 exf3 26. Rxf3 Rxf3 {0-1 Meseck,M (1529)-Hein,R (2047) GER-chT Betriebe 16th 2016 (1.2)}) ({RR} 12. Nge2 Bg4 13. O-O Ne4 14. Bxe7 Qxe7 15. Nxe4 Bxe2 16. Qxe2 Qxe4 17. f3 Qe7 18. e4 Re8 19. Rfe1 Qb4 20. Qf2 dxe4 21. fxe4 Rb6 22. Re2 Rd8 23. Rd2 c5 24. d5 Qxe4 25. Qxc5 Rbd6 26. Qxa5 Qe3+ {½-½ Nascimento,P (2007)-Manzi,L (2047) Rio de Janeiro Duchamp op 2nd 2018 (9)}) 12... Re8 13. O-O Ne4 14. Nxe4 Bxh4 15. Nc5 Ra8 16. Nxh4 Qxh4 17. Rfc1 Qg5 18. Nd3 Bf5 19. Qb3 Be4 20. Ne1 Re7 21. Rc5 h5 22. Qb6 h4 23. Rxa5 Rxa5 24. Qxa5 Bxg2 25. Qd8+ Kh7 26. Qd6 Bh3+ 27. Kh1 Re4 28. f4 Qg4 29. Qa3 Re6 30. f5 Qe4+ 31. Kg1 Qxf5 32. Qd3 Rg6+ 33. Kh1 Bg2+ 0-1